[Event "Lille Luce op 7th"]
[Site "Lille"]
[Date "2016.04.13"]
[Round "7"]
[White "Tawil, Alexandre"]
[Black "Lefebvre, Jeremie"]
[Result "1-0"]
[WhiteElo "2123"]
[BlackElo "1927"]
[PlyCount "35"]
[EventDate "2016.04.09"]
[EventType "swiss"]
[EventRounds "7"]
[EventCountry "FRA"]
[SourceTitle "CBM 171 Extra"]
[Source "ChessBase"]
[SourceDate "2016.04.26"]
[SourceVersion "1"]
[SourceVersionDate "2016.04.26"]
[SourceQuality "1"]

1. Nf3 Nf6 2. c4 c5 3. Nc3 Nc6 4. g3 g6 5. Bg2 Bg7 6. 0-0 0-0 7. d4 cxd4 8. Nxd4 Ng4 9. Nb3 b6 10. e4 Nf6 11. e5 Ne8 12. f4 Bb7 13. Qe2 Nc7 14. Rd1 f6 15. exf6 Rxf6 16. Nd5 Nxd5 17. cxd5 Nb4 18. Qc4 1-0

[Event "Lille Luce op 7th"]
[Site "Lille"]
[Date "2016.04.12"]
[Round "5"]
[White "Tawil, Alexandre"]
[Black "Dubois, Emmanuelle"]
[Result "1/2-1/2"]
[WhiteElo "2123"]
[BlackElo "1779"]
[PlyCount "72"]
[EventDate "2016.04.09"]
[EventType "swiss"]
[EventRounds "7"]
[EventCountry "FRA"]
[SourceTitle "CBM 171 Extra"]
[Source "ChessBase"]
[SourceDate "2016.04.26"]
[SourceVersion "1"]
[SourceVersionDate "2016.04.26"]
[SourceQuality "1"]

1. c4 f5 2. g3 Nf6 3. Bg2 g6 4. Nc3 Bg7 5. e3 0-0 6. Nge2 e5 7. d3 c6 8. 0-0 Qe8 9. h3 Na6 10. Rb1 Nc7 11. b4 Ne6 12. b5 g5 13. d4 e4 14. d5 Nd8 15. Ba3 Rf7 16. Qd2 b6 17. Rbd1 c5 18. Bb2 d6 19. Rde1 Re7 20. Nc1 Nf7 21. Nd1 h6 22. a4 Ne5 23. Bxe5 Rxe5 24. f4 Re7 25. fxg5 hxg5 26. Nb3 Nh5 27. g4 fxg4 28. hxg4 Bxg4 29. Nf2 Bd7 30. Nh1 Qg6 31. Nc1 Nf6 32. Ne2 Qh7 33. Nf2 g4 34. Nh1 Re5 35. Nf4 Rae8 36. Qf2 Rf8 1/2-1/2

[Event "Lille Luce op 7th"]
[Site "Lille"]
[Date "2016.04.10"]
[Round "2"]
[White "Lazarev, Vladimir"]
[Black "Tawil, Alexandre"]
[Result "1-0"]
[WhiteElo "2383"]
[BlackElo "2123"]
[PlyCount "79"]
[EventDate "2016.04.09"]
[EventType "swiss"]
[EventRounds "7"]
[EventCountry "FRA"]
[SourceTitle "CBM 171 Extra"]
[Source "ChessBase"]
[SourceDate "2016.04.26"]
[SourceVersion "1"]
[SourceVersionDate "2016.04.26"]
[SourceQuality "1"]

1. d4 Nf6 2. c4 c5 3. d5 b5 4. cxb5 a6 5. bxa6 g6 6. Nc3 Bxa6 7. g3 d6 8. Bg2 Bg7 9. Nf3 Nbd7 10. Rb1 Nb6 11. b3 Bb7 12. Nh4 0-0 13. Qd2 Qd7 14. 0-0 h6 15. e4 Ba6 16. Re1 Qa7 17. Bb2 Nbd7 18. Nf3 Ng4 19. Nd1 Nge5 20. Nxe5 Nxe5 21. Ne3 Bc8 22. f4 Ng4 23. Bxg7 Kxg7 24. Nxg4 Bxg4 25. f5 Bh5 26. h3 gxf5 27. exf5 f6 28. Rb2 Rfc8 29. Kh2 c4 30. Rc2 cxb3 31. axb3 Qb7 32. Rxc8 Rxc8 33. b4 Rc4 34. Rb1 Qb6 35. Rb2 Be8 36. Qe1 Rc7 37. Re2 Qa7 38. Re4 Ba4 39. Rg4+ Kh7 40. Qe6 1-0